| 000 | 00521nam a2200193Ia 4500 | ||
|---|---|---|---|
| 003 | IN-BaIIA | ||
| 008 | 211028s9999 xx 000 0 eng d | ||
| 040 | _cIIA Library | ||
| 080 |
_a535.33 _bWAL |
||
| 100 |
_aWalker, S _94989 |
||
| 245 | 0 |
_aSpectroscopy _bvol. 2 _cS. Walker and H. Straw |
|
| 260 |
_aLondon _bChapman and Hall _c1962 |
||
| 300 | _axxvi, 386p. | ||
| 650 |
_aDiatomic molecules _92369 |
||
| 650 | _aInfrared Spectroscopy | ||
| 650 |
_aRaman Spectroscopy _95172 |
||
| 700 |
_aStraw, H _94992 |
||
| 942 | _cBK | ||
| 999 |
_c3788 _d3788 |
||